Serpientes de la Orinoquia colombiana / (Registro nro. 5217)

Detalles MARC
000 -CABECERA
Campo de control 00950nam a2200217 a 4500
005 - FECHA Y HORA DE LA ULTIMA TRANSACCION
Campo de control 20200104041557.0
008 - ELEMENTOS DE LONGITUD FIJA—INFORMACION GENERAL
Campo de control 140127q2003 ck a|||| |||| 00| 0 spa d
040 ## - FUENTE DE CATALOGACIÓN
Agencia catalogadora original CO-BoIAVH
Agencia transcriptora CO-BoIAVH
041 0# - IDIOMA
Código de idioma para texto/pista de sonido o título separado Español
044 ## - PAÍS DE PUBLICACIÓN
País de publicación Colombia
090 ## - CLASIFICACIÓN LOCAL
Colección FH-
Consecutivo 0001
245 00 - MENCION DE TITULO
Título Serpientes de la Orinoquia colombiana /
Mención de responsabilidad textos y fotografías Juan Manuel Renjifo
260 ## - PUBLICACION, DISTRIBUCION, ETC. (PIE DE IMPRENTA)
Lugar de publicación, distribución, etc. Bogotá (Colombia) :
Nombre del editor, distribuidor, etc. Instituto de Investigación de Recursos Biológicos Alexander von Humboldt,
Fecha de publicación, distribución, etc. 2003?
300 ## - DESCRIPCION FISICA
Extensión 1 folleto plegable ;
Otros detalles físicos ilustraciones a color ;
Dimensiones 17 x 24 cm.
490 0# - MENCION DE SERIE
Mención de serie Serie especies colombianas ;
Designación numérica/secuencial del volumen 1
650 26 - ASIENTO SECUNDARIO DE MATERIA - TERMINO TEMATICO
Término temático o nombre geográfico como elemento de entrada Serpientes
Subdivisión general identificación
Subdivisión geográfica Orinoquia (Región, Colombia)
Subdivisión de forma Guías
9 (RLIN) 90444
650 26 - ASIENTO SECUNDARIO DE MATERIA - TERMINO TEMATICO
Término temático o nombre geográfico como elemento de entrada Serpientes
Subdivisión general Taxonomía
Subdivisión geográfica Orinoquia (Región, Colombia)
Subdivisión de forma Guías
9 (RLIN) 90445
700 1# - ASIENTO SECUNDARIO - NOMBRE PERSONAL
Nombre personal Renjifo, Juan Manuel
Término de relación textos
-- fotografías
9 (RLIN) 20567
710 2# - ASIENTO SECUNDARIO - NOMBRE CORPORATIVO
Nombre corporativo o de jurisdicción como elemento de entrada Instituto de Investigación de Recursos Biológicos Alexander von Humboldt
9 (RLIN) 204
942 ## - ELEMENTOS ADICIONALES (KOHA)
Sistema de clasificación Local
Tipo de ítem Folleto
Existencias
Withdrawn status Lost status Sistema de Clasificación Damaged status No para préstamo Colección Ubicación Permanente Ubicación actual Fecha de adquisición Total Checkouts Número topográfico Inventario / Código de Barras Date last seen Ejemplar Price effective from Forma de adquisición Tipo de material Date checked out Inventariado
    Dewey Decimal Classification     Audiovisual Bogotá Bogotá 19/12/2013   IAVH-00523 059387 19/12/2013 Ej. 1 19/12/2013   CD-ROM    
    Local     Humboldt Bogotá Bogotá 29/05/2014 2 FH-0001 038065 10/09/2018 Ej. 2 29/05/2014   Folleto 10/09/2018  
    Local     Humboldt Bogotá Bogotá 05/06/2014   FH-0001 023058 05/06/2014 Ej. 1 05/06/2014   Folleto    
    Local     Hemeroteca Bogotá Bogotá 12/06/2017   FH-0001 041411 12/06/2017 Ej. 3 12/06/2017 Donación Folleto    
    Local     Hemeroteca Bogotá Bogotá 22/06/2017   FH-0001 041465 22/06/2017 Ej. 4 22/06/2017 Donación Folleto    
    Local     Hemeroteca Bogotá Bogotá 22/06/2017   FH-0001 041466 22/06/2017 Ej.5 22/06/2017 Donación Folleto    
    Local     Humboldt Villa de Leyva Villa de Leyva 13/10/2017   IAVH-0053 023057 13/10/2017 Ej. 6 13/10/2017 Institucional Folleto   Inventariado 2017
    Local     Humboldt Villa de Leyva Villa de Leyva 13/10/2017   IAVH-0053 023059 13/10/2017 Ej. 7 13/10/2017 Institucional Folleto   Inventariado 2017